<?xml version="1.0" encoding="UTF-8"?>
<record
    xmlns:xsi="http://www.w3.org/2001/XMLSchema-instance"
    xsi:schemaLocation="http://www.loc.gov/MARC21/slim http://www.loc.gov/standards/marcxml/schema/MARC21slim.xsd"
    xmlns="http://www.loc.gov/MARC21/slim">

  <leader>02080nam a22002657a 4500</leader>
  <controlfield tag="003">OSt</controlfield>
  <controlfield tag="005">20260515084037.0</controlfield>
  <controlfield tag="008">260121b        |||||||| |||| 00| 0 eng d</controlfield>
  <datafield tag="022" ind1=" " ind2=" ">
    <subfield code="a">1941-6520</subfield>
  </datafield>
  <datafield tag="022" ind1=" " ind2=" ">
    <subfield code="a">1941-6067</subfield>
  </datafield>
  <datafield tag="040" ind1=" " ind2=" ">
    <subfield code="a">TBS</subfield>
    <subfield code="b">EN</subfield>
    <subfield code="c">TBS</subfield>
  </datafield>
  <datafield tag="041" ind1=" " ind2=" ">
    <subfield code="a">eng</subfield>
  </datafield>
  <datafield tag="100" ind1=" " ind2=" ">
    <subfield code="a">Vaara, Eero</subfield>
    <subfield code="9">13095</subfield>
    <subfield code="e">author</subfield>
  </datafield>
  <datafield tag="245" ind1=" " ind2=" ">
    <subfield code="a">Strategy-as-practice</subfield>
    <subfield code="b">: taking social practices seriously</subfield>
    <subfield code="c">/ Eero Vaara, Richard Whittington. </subfield>
  </datafield>
  <datafield tag="260" ind1=" " ind2=" ">
    <subfield code="b">The Academy of Management Annals, </subfield>
    <subfield code="c">2012</subfield>
  </datafield>
  <datafield tag="300" ind1=" " ind2=" ">
    <subfield code="a">285-336 pages.</subfield>
  </datafield>
  <datafield tag="362" ind1=" " ind2=" ">
    <subfield code="a">The Academy of Management annals, 2012-01, Vol.6 (1), p.285-336</subfield>
  </datafield>
  <datafield tag="520" ind1=" " ind2=" ">
    <subfield code="a">This article reviews research in Strategy-as-Practice (SAP) and suggests directions for its development. The power of this perspective lies in its ability to explain how strategy-making is enabled and constrained by prevailing organizational and societal practices. Our review shows how SAP research has helped to advance social theories in strategic management, offered alternatives to performance-dominated analyzes, broadened the scope in terms of organizations studied and promoted new methodologies. In particular, it has provided important insights into the tools and methods of strategy-making (practices), how strategy work takes place (praxis), and the role and identity of the actors involved (practitioners). However, we argue that there is a need to go further in the analysis of social practices to unleash the full potential of this perspective. Hence, we outline five directions for the further development of the practice perspective: placing agency in a web of practices, recognizing the macro-institutional nature of practices, focusing attention on emergence in strategy-making, exploring how the material matters, and promoting critical analysis.</subfield>
  </datafield>
  <datafield tag="630" ind1=" " ind2="0">
    <subfield code="a">MSc International Business</subfield>
    <subfield code="9">26977</subfield>
  </datafield>
  <datafield tag="650" ind1=" " ind2="0">
    <subfield code="a">Social sciences</subfield>
    <subfield code="x">Research</subfield>
    <subfield code="9">13372</subfield>
  </datafield>
  <datafield tag="650" ind1=" " ind2="0">
    <subfield code="a">Strategic planning</subfield>
    <subfield code="x">Social aspects</subfield>
    <subfield code="9">10360</subfield>
  </datafield>
  <datafield tag="700" ind1=" " ind2=" ">
    <subfield code="a">Whittington, Richard</subfield>
    <subfield code="9">1394</subfield>
    <subfield code="e">author</subfield>
  </datafield>
  <datafield tag="856" ind1=" " ind2=" ">
    <subfield code="u">https://research-ebsco-com.hub.tbs-education.fr/c/q5dvh4/viewer/pdf/j5jgg7hr3v</subfield>
  </datafield>
  <datafield tag="942" ind1=" " ind2=" ">
    <subfield code="2">lcc</subfield>
  </datafield>
  <datafield tag="952" ind1=" " ind2=" ">
    <subfield code="0">0</subfield>
    <subfield code="1">0</subfield>
    <subfield code="2">lcc</subfield>
    <subfield code="4">0</subfield>
    <subfield code="7">0</subfield>
    <subfield code="8">CT</subfield>
    <subfield code="a">TBS</subfield>
    <subfield code="b">TBS</subfield>
    <subfield code="d">2026-05-15</subfield>
    <subfield code="l">0</subfield>
    <subfield code="p">5234</subfield>
    <subfield code="r">2026-05-15</subfield>
    <subfield code="u">https://research-ebsco-com.hub.tbs-education.fr/c/q5dvh4/viewer/pdf/j5jgg7hr3v</subfield>
    <subfield code="w">2026-05-15</subfield>
    <subfield code="y">ARTICLE</subfield>
  </datafield>
  <datafield tag="999" ind1=" " ind2=" ">
    <subfield code="c">5234</subfield>
    <subfield code="d">5234</subfield>
  </datafield>
</record>
